000 00631nam a2200229Ia 4500
003 OSt
005 20220918192813.0
006 a|||||r|||| 00| 0
007 ta
008 220917b |||||||| |||| 00| 0 eng d
024 _a70,398
037 _cTextual
040 _aARTS
_cARTS
_beng
041 _2eng
_aeng
082 _aR3M3, J9
100 _aBarnes hazel E
_914863
245 0 _aLiteratrye of possibility
_b a study in humanistic existentialism
260 _c1959
490 _aSrudies in existential analyisi and phenomenology
942 _hR3M3, J9
_cTEXL
_2CC
999 _c196496
_d196496